00622nam a2200109Ia 4500008004100000245003000041300027700071650001100348856006200359999001900421952007200440170517s9999 xx 000 0 und d aWeapons of Mass Deception aWMD, a 100 minute non-fiction film, explores this story with the findings of a gutsy, media insider-turned-outsider, former network journalist, Danny Schechter, who is one of America's most prolific media critics. Schechter says he "self-embedded" himself in his living... xMedia. uhttp://topdocumentaryfilms.com/weapons-of-mass-deception/ c333553d333553 001040aCLbCLd2017-05-17l0r2017-05-17 00:00:00w2017-05-17yDF